Ernest Hemingway Novels Quiz Stats

 Plays Quiz Updated Nov 18, 2014

Score 0/10 Timer 04:00
0 Plays Today
Year Novel % Correct
1952The Old Man and the Sea
88.1%
1940For Whom the Bell Tolls
73.7%
1926The Sun Also Rises
71.6%
1929A Farewell to Arms
64.3%
1937To Have and Have Not
18.5%
1970Islands in the Stream
15.1%
1986The Garden of Eden
12.5%
1950Across the River and Into the Trees
10.2%
1926The Torrents of Spring
10.1%
1999True at First Light
7.2%

You're not logged in!

Compare scores with friends on all Sporcle quizzes.
OR
Log In

Sporcle TV

Today on Sporcle TV


Watch our educational content, quiz creation guides, and fun videos on Sporcle TV.

Show Comments

Extras

Top Quizzes Today


Score Distribution

Your Account Isn't Verified!

In order to create a playlist on Sporcle, you need to verify the email address you used during registration. Go to your Sporcle Settings to finish the process.

Report this User

Report this user for behavior that violates our Community Guidelines.

Details: